Logo BPK

Biblioteka

Politechniki Koszalińskiej

Rachunkowość w przedsiębiorstwie : (Rekord nr 36730)

Szczegóły MARC
000 -ETYKIETA REKORDU
podpole kontrolne o stałej długości 00810nam a2200253 i 4500
001 - NUMER KONTROLNY REKORDU
pole kontrolne bg
020 ## - MIĘDZYNARODOWY ZNORMALIZOWANY NUMER KSIĄŻKI - ISBN
ISBN 8386543574 (t. 1)
020 ## - MIĘDZYNARODOWY ZNORMALIZOWANY NUMER KSIĄŻKI - ISBN
ISBN 8386543671 (2 t.)
040 ## - ŹRÓDŁO KATALOGOWANIA
Instytucja, która utworzyła rekord BPK
041 0# - KOD JĘZYKA
Kod języka tekstu pl
080 ## - UNIWERSALNA KLASYFIKACJA DZIESIĘTNA - UKD
UKD 657(07)
920 ## - Międzynarodowy znormalizowany numer książki – ISBN
ISBN 83-86543-57-4 (t. 1)
920 ## - Międzynarodowy znormalizowany numer książki – ISBN
ISBN 83-86543-67-1 (2 t.)
008 - POLE O STAŁEJ DŁUGOŚCI - DANE KONTROLNE
podpole kontrolne o stałej długości s pl f |000 0 pol
100 1# - NAZWA OSOBOWA
Nazwa osobowa WAŚNIEWSKI, Tadeusz
245 10 - TYTUŁ/ODPOWIEDZIALNOŚĆ
Tytuł Rachunkowość w przedsiębiorstwie :
Ciąg dalszy tytułu podstawy rachunkowości oraz zadania i rozwiązania.
Oznaczenie części/sekcji dzieła T. 1 /
Pozostałe elementy strefy tytułu i oznaczenia odpowiedzialności Tadeusz Waśniewski, Waldemar Gos ; Fundacja Rozwoju Rachunkowości w Polsce.
260 ## - STREFA ADRESU WYDAWNICZEGO
Miejsce wydania Warszawa :
Nazwa wydawcy/dystrybutora FRR,
Data publikacji, dystrybucji/powstania dokumentu 1997.
300 ## - STREFA OPISU FIZYCZNEGO
Objętość 262 s. ;
Rozmiary 23 cm.
650 #9 - HASŁO PRZEDMIOTOWE W FORMIE NAZWY OGÓLNEJ LUB JEDNOSTKOWEJ
Nazwa ogólna lub geograficzna Rachunkowość
655 ## - TERMIN INDEKSOWY - OKREŚLENIE RODZAJU/FORMY DOKUMENTU
Określenie rodzaju/formy dokumentu Podręczniki
700 1# - HASŁO DODATKOWE - NAZWA OSOBOWA
Nazwa osobowa GOS, Waldemar
710 #0 - HASŁO DODATKOWE - NAZWA CIAŁA ZBIOROWEGO
Nazwa ciała zbiorowego lub jednostki geograficznej Fundacja Rozwoju Rachunkowości w Polsce (Warszawa)
856 ## - LOKALIZACJA I DOSTĘP DO ELEKTRONICZNYCH DOKUMENTÓW ZDALNYCH
Link (URL) http://koha.tu.koszalin.pl/cgi-bin/koha/opac-detail.pl?biblionumber=36730
Tekst linku Katalog online BPK
942 ## - DODATKOWE ELEMENTY (KOHA)
Typ dokumentu Książka
Egzemplarze
Wycofany Status egzemplarza Uszkodzony Dostępność Lokalizacja stała Lokalizacja bieżąca Miejsce przechowywania Sygnatura Kod kreskowy Ostatnio wypożyczono Typ dokumentu
      Dostępny Biblioteka Politechniki Koszalińskiej Biblioteka Politechniki Koszalińskiej Wypożyczalnia BG 51573 01466027 25.03.2015 Książka
      Tylko na miejscu Biblioteka Politechniki Koszalińskiej Biblioteka Politechniki Koszalińskiej Czytelnia Wydziałowa ul. Kwiatkowskiego 6e 51574 01466010   Książka
      Dostępny Biblioteka Politechniki Koszalińskiej Biblioteka Politechniki Koszalińskiej Wypożyczalnia BG 51575 01466003   Książka
© 2023 Biblioteka Politechniki Koszalińskiej :: KOHA